Encyklopedie velmi důležitých věcí /

Další autoři: Rybecká, Ivana
Jazyk: Čeština
Vydáno: Praha : Euromedia Group, a.s., 2016
Vydání: Vydání první
Edice: Pikola (Euromedia)
Témata:
Fyzický popis: 224 stran : barevné ilustrace ; 27 cm
Knihy
Uloženo v:
LEADER 02115nam a2200565 i 4500
001 nkc20172884938
003 CZ PrNK
005 20180802084940.0
007 ta
008 170310s2016 xr a b e 001 0 cze
015 |a cnb002884938 
020 |a 978-80-7549-345-3  |q (vázáno) 
035 |a (OCoLC)1003284976 
040 |a BOA001  |b cze  |e rda 
041 1 |a cze  |h eng 
072 7 |a 00  |x Věda. Všeobecnosti. Základy vědy a kultury. Vědecká práce  |2 Konspekt  |9 12 
072 7 |a 0/9-053.2  |x Literatura pro děti a mládež (naučná)  |2 Konspekt  |9 26 
080 |a 0/9  |2 MRF 
080 |a (031)  |2 MRF 
080 |a (084.11)  |2 MRF 
080 |a (0.053.2)  |2 MRF 
130 0 |a My encyclopedia of very important things.  |l Česky 
245 1 0 |a Encyklopedie velmi důležitých věcí /  |c z anglického originálu My encyclopedia of very important things ... přeložila Ivana Rybecká 
246 1 4 |a Encyklopedie velmi důležitých věcí pro děti, které chtějí všechno vědět 
250 |a Vydání první 
264 1 |a Praha :  |b Euromedia Group, a.s.,  |c 2016 
300 |a 224 stran :  |b barevné ilustrace ;  |c 27 cm 
336 |a text  |b txt  |2 rdacontent 
336 |a statický obraz  |b sti  |2 rdacontent 
337 |a bez média  |b n  |2 rdamedia 
338 |a svazek  |b nc  |2 rdacarrier 
490 1 |a Pikola 
500 |a Obsahuje rejstřík 
650 0 7 |a všeobecnosti a zajímavosti  |7 ph116736  |2 czenas 
650 0 7 |a všeobecné znalosti  |7 ph127322  |2 czenas 
650 0 9 |a facts and features  |2 eczenas 
650 0 9 |a general knowledge  |2 eczenas 
655 7 |a encyklopedie  |7 fd132201  |2 czenas 
655 7 |a obrazové publikace  |7 fd132947  |2 czenas 
655 7 |a publikace pro děti  |7 fd133156  |2 czenas 
655 9 |a encyclopedias  |2 eczenas 
655 9 |a pictorial works  |2 eczenas 
655 9 |a children's literature  |2 eczenas 
700 1 |a Rybecká, Ivana  |7 mzk2009529338  |4 trl 
830 0 |a Pikola (Euromedia)  |0 s 
910 2 |a BOA001  |b 3-1389.838 
990 |a BK 
995 |a 01 
991 |b 201709  |c NOV 
996 6 |b 2610714623  |c 3-1389.838  |l MZK  |r Sklad / do 1 hodiny  |n 1  |p p.v.  |w 001623130  |u 000010  |a 1  |e BOA001  |j MZK50  |s P